MDQL
is popping MORE tags! Check the
thread
!
Quizzes
Events
Quiz Creation
Community
Videos
Private Events
Remove Ads
Sign In
Join for FREE
Feedback
Dark Mode
Quiz Categories
Sports
Geography
Music
Movies
Television
Just For Fun
Miscellaneous
History
Literature
Language
Science
Gaming
Entertainment
Religion
Holiday
For Kids
Quiz Lab
Recent
Popular Today
Quiz Kudos Today
Editor Picks
Curator Picks
Quizzes by...
Day
Popularity
Type
Ratings
Length
Year
Community
Subscriptions
Recent Discussions
Orange Saloon
Badges
Playlists
Quests
Create
Leaderboards
Showdown
Live 5
Trivia Bingo
Activity
Puzzle Library
Sporcle Events
Private Events
Virtual Trivia
Globe League
Become a Host
Pub Owners
SporcleCon
Opinionation
Our Games
Videos
Blog
Mobile Apps
Partnerships
Remove Ads and Go Orange
Feedback
Sports
Athletes
MLB
NBA
NHL
NFL
Soccer
Sports Teams
WWE
NCAA
Football
Premier League
Basketball
Baseball
Hockey
Golf
Tennis
Cricket
Rugby
Auto Racing
Olympics
World Cup
Sports
Athletes
MLB
NBA
NHL
NFL
Soccer
Sports Teams
WWE
NCAA
Football
Premier League
Basketball
Baseball
Hockey
Golf
Tennis
Cricket
Rugby
Auto Racing
Olympics
World Cup
Random Quiz
Search Sporcle
×
Quiz Lab
Quiz Lab
Sports
Football
Type in answers that appear in a list
Type in answers that appear in a list
Classic
Best Score? Go Orange.
Sunderland Final Game Lineups 2010s Stats
Can you name the Sunderland Final Game Lineups 2010s
By
cooler77
10m
108 Questions
154 Plays
154 Plays
154 Plays
Comments
Comments
Give Quiz Kudos
Give Quiz Kudos
-
- Ratings
hide this ad
Replay
Link that replays current quiz
Next Quiz
Link to next quiz in quiz playlist
You Got
0%
They Got
Avg Score
47%
Avg Friend Score
Upgrade to see
Score Distribution
Jump to the score distribution portion of the page
Score
0/108
Timer
10:00
0
Plays Today
Position
Years
% Correct
2010/
11 v West Ham
Simon Mignolet
94.2%
2011/
12 v Man Utd
Simon Mignolet
94.2%
2012/
13 v Spurs
Simon Mignolet
94.2%
2013/
14 v Swansea
Vito Mannone
92.9%
2011/
12 v Man Utd
John O'Shea
92.2%
2012/
13 v Spurs
John O'Shea
92.2%
2013/
14 v Swansea
John O'Shea
92.2%
2015/
16 v Watford
John O'Shea
92.1%
2015/
16 v Watford
Vito Mannone
92.1%
2014/
15 v Chelsea
Vito Mannone
92.1%
2010/
11 v West Ham
Phil Bardsley
91.6%
2011/
12 v Man Utd
Phil Bardsley
91.6%
2013/
14 v Swansea
Phil Bardsley
91.6%
2014/
15 v Chelsea
John O'Shea
90.1%
2014/
15 v Chelsea
Lee Cattermole
89.1%
2012/
13 v Spurs
Sebastian Larsson
89%
2013/
14 v Swansea
Wes Brown
89%
2013/
14 v Swansea
Sebastian Larsson
89%
2013/
14 v Swansea
El-Hadji Ba
89%
2015/
16 v Watford
Jordan Pickford
88.8%
2015/
16 v Watford
Sebastian Larsson
88.8%
2014/
15 v Chelsea
Sebastian Larsson
88.1%
2015/
16 v Watford
Wes Brown
86.5%
2014/
15 v Chelsea
Jordan Pickford
86.1%
2014/
15 v Chelsea
Steven Fletcher
84.2%
2015/
16 v Watford
Jermain Defoe
82%
2014/
15 v Chelsea
Jermaine Defoe
81.2%
2012/
13 v Spurs
Adam Johnson
80.5%
2013/
14 v Swansea
Adam Johnson
80.5%
2013/
14 v Swansea
Fabio Borini
79.2%
2011/
12 v Man Utd
Craig Gardner
76.6%
2010/
11 v West Ham
Stephane Sessegnon
76%
2011/
12 v Man Utd
Stephane Sessegnon
76%
2015/
16 v Watford
Billy Jones
75.3%
2014/
15 v Chelsea
Billy Jones
75.2%
2014/
15 v Chelsea
Adam Johnson
75.2%
Position
Years
% Correct
2010/
11 v West Ham
Asamoah Gyan
74%
2015/
16 v Watford
Lamine Kone
73%
2011/
12 v Man Utd
Connor Wickham
72.1%
2012/
13 v Spurs
Connor Wickham
72.1%
2013/
14 v Swansea
Connor Wickham
72.1%
2010/
11 v West Ham
Jack Colback
71.4%
2011/
12 v Man Utd
Jack Colback
71.4%
2012/
13 v Spurs
Jack Colback
71.4%
2013/
14 v Swansea
Jack Colback
71.4%
2014/
15 v Chelsea
Patrick van Aanholt
70.3%
2014/
15 v Chelsea
Connor Wickham
64.4%
2010/
11 v West Ham
Jordan Henderson
63.6%
2015/
16 v Watford
Tom Robson
61.8%
2011/
12 v Man Utd
Keiren Westwood
60.4%
2012/
13 v Spurs
Keiren Westwood
60.4%
2015/
16 v Watford
Jeremain Lens
59.6%
2015/
16 v Watford
Duncan Watmore
59.6%
2014/
15 v Chelsea
Jack Rodwell
59.4%
2015/
16 v Watford
Jack Rodwell
58.4%
2010/
11 v West Ham
Bolo Zenden
56.5%
2011/
12 v Man Utd
Michael Turner
56.5%
2015/
16 v Watford
Wahbi Khazri
56.2%
2011/
12 v Man Utd
David Vaughan
53.9%
2012/
13 v Spurs
David Vaughan
53.9%
2015/
16 v Watford
Yann M'Vila
51.7%
2011/
12 v Man Utd
James McClean
50.6%
2012/
13 v Spurs
James McClean
50.6%
2015/
16 v Watford
DeAndre Yedlin
50.6%
2013/
14 v Swansea
Santiago Vergini
49.4%
2013/
14 v Swansea
Jozy Altidore
48.1%
2010/
11 v West Ham
Steed Malbranque
47.4%
2010/
11 v West Ham
Christian Riveros
47.4%
2011/
12 v Man Utd
Titus Bramble
47.4%
2012/
13 v Spurs
Danny Graham
47.4%
2015/
16 v Watford
Rees Greenwood
47.2%
2015/
16 v Watford
George Honeyman
46.1%
Position
Years
% Correct
2014/
15 v Chelsea
Danny Graham
41.6%
2010/
11 v West Ham
Anton Ferdinand
40.9%
2011/
12 v Man Utd
Dong-Won Ji
40.3%
2014/
15 v Chelsea
Santiago Vergini
39.6%
2013/
14 v Swansea
Emanuele Giaccherini
39%
2015/
16 v Watford
Dame N'Doye
36%
2014/
15 v Chelsea
Emanuele Giaccherini
34.7%
2011/
12 v Man Utd
Fraizer Campbell
34.4%
2014/
15 v Chelsea
Sebastian Coates
33.7%
2013/
14 v Swansea
Liam Bridcutt
33.1%
2012/
13 v Spurs
Carlos Cuellar
30.5%
2013/
14 v Swansea
Oscar Ustari
29.2%
2010/
11 v West Ham
Nedum Onuoha
27.3%
2010/
11 v West Ham
Ahmed Elmohamady
25.3%
2011/
12 v Man Utd
Ahmed Elmohamady
25.3%
2012/
13 v Spurs
Mikael Mandron
25.3%
2010/
11 v West Ham
Trevor Carson
22.7%
2011/
12 v Man Utd
David Meyler
22.1%
2012/
13 v Spurs
Alfred N'Diaye
22.1%
2013/
14 v Swansea
Ondrej Celustka
20.8%
2010/
11 v West Ham
Ryan Noble
20.1%
2013/
14 v Swansea
Charis Mavrias
19.5%
2014/
15 v Chelsea
Will Buckley
18.8%
2010/
11 v West Ham
Billy Knott
16.9%
2012/
13 v Spurs
Billy Knott
16.9%
2012/
13 v Spurs
Adam Mitchell
15.6%
2011/
12 v Man Utd
Wayne Bridge
14.3%
2010/
11 v West Ham
Jordan Cook
13%
2012/
13 v Spurs
David Ferguson
11.7%
2012/
13 v Spurs
Scott Harrison
11.7%
2010/
11 v West Ham
Craig Lynch
11%
2013/
14 v Swansea
Liam Agnew
11%
2014/
15 v Chelsea
Anthony Reveillere
8.9%
2010/
11 v West Ham
Blair Adams
6.5%
2011/
12 v Man Utd
Sotirios Kyrgiakos
6.5%
2012/
13 v Spurs
Liam Marrs
5.2%
Quiz Playlist
Details
Report
Send in Message
Add To Playlist
Classic:
Type in answers that appear in a list
Last Updated: Feb 16, 2017
Quiz Scoreboard
CHALLENGE
Sign Up to Join the Scoreboard
Show All
Scores
Hide
Comments
May contain spoilers
Recently Published
Street Fighter Characters
by Artimus82
Gaming
60s
9x9 Crossword: Cartoon Network
by jackfrog10
Miscellaneous
3m
College Basketball Coaching Resumes
by pancakes188
Sports
9m
More to Explore
Quiz From the Vault
Featured Blog Post
Where Did the Easter Bunny Come From?
hide this ad
You Might Also Like...
Tags
Football Quiz
Soccer Quiz
2010s
season
Sunderland
Today's Top Quizzes in Sports
Browse Sports
hide this ad
Today's Top Quizzes in Football
Browse Football
Top Contributed Quizzes in Sports
1
2022 World Cup Stars
2
Les meilleurs buteurs des matchs entre le PSG et l’OM
3
FIFA Club World Cup Champions
4
Les entraîneurs de l'OM et du PSG au 21e siècle
5
Criteria MLB: Left Handed Sluggers
6
2023 MLB Unique Player Accomplishments
7
AFC Teams Reveal (Wrong Answers Minefield)
8
5-to-1: FBS Animal Nicknames
9
Players with Multiple 50 Home Run Seasons
10
5-to-1: UK Sports Teams
Explore More
Trending Topics
Kpop
Anime
Crossword
Marvel
Disney
Harry Potter
NBA
The Office
Soccer
Pokémon
Song
NFL
Country
Puzzle
WWE
hide this ad
More By:
cooler77
Quiz
Plays
Rating
Category
Featured
Created
Can you name the PFA Young Player of the Year?
709
5.00
Sports
Oct 7, 2014
Sunderland Player of the Years 1981 - 2014
384
4.00
Sports
May 1, 2014
Sunderland Players 1989 - 1990
342
3.00
Sports
Sep 27, 2012
Players who have played for Sunderland in Premiership
234
5.00
Sports
Sep 22, 2014
SAFC Players who scored at Roker & Stadium of Light
233
Sports
Jan 23, 2015
Go to Creator's Profile
Score Distribution
Quiz Creator Spotlight
cooler77
Follow
Send a Message
Quizzes Created
-
Created Quiz Play Count
-
More By This Creator
Popular Quizzes Today
1
Find the US States - No Outlines Minefield
2
Find the Countries of Europe - No Outlines Minefield
3
The Countries of the World
4
Find the US States
5
Risky Map Clicking: Biggest States A-Z
6
US States
7
Popular People in 1961
8
Movies - When Are They Set?
More Sports Quizzes
Spanish Players in a Champions League Final
Quiz Lab
Trending Quizzes
Risky Map Clicking: Least Populous States A-Z
Countries of the World: 200 Million BC
1-10 Letter G Words
Risky Map Clicking: Next State Alphabetically
Adjectives in 80s TV Shows
Recently Updated
Leaping Animals
pecheneg
Reality TV Shows (A-Z)
bhenderson79
Rickey Henderson's Hall of Fame Teammates
pecheneg
Champions League XIs: Arsenal
pecheneg
Quick Pick: Celebrities in WWE's Hall of Fame
aduchscher
A-Z Keypad Blitz II
pecheneg
Multiple Oscar Actors
pecheneg
Mystery Phrase Blitz: Oscar 'Best Actors'
pecheneg
F. Scott Fitzgerald Novels
LTH
Pick 3 Villains
ddd62291
Trending Topics
Anime
Disney
Crossword
NBA
Harry Potter
Kpop
Marvel
Country
Pokémon
WWE
Puzzle
NFL
The Office
Song
Soccer
Your Account Isn't Verified!
In order to create a playlist on Sporcle, you need to verify the email address you used during registration. Go to your
Sporcle Settings
to finish the process.
Report this User
Report this user for behavior that violates our
Community Guidelines
.
Details:
Send Report
Go to the Sporcle.com Mobile Site →
Comments